Myths & legends / (Record no. 1014)

MARC details
000 -LEADER
fixed length control field 01386cam a22003617a 4500
005 - DATE AND TIME OF LATEST TRANSACTION
control field 20260322212043.0
008 - FIXED-LENGTH DATA ELEMENTS--GENERAL INFORMATION
fixed length control field data
010 ## - LIBRARY OF CONGRESS CONTROL NUMBER
LC control number 2010279366
020 ## - INTERNATIONAL STANDARD BOOK NUMBER
International Standard Book Number 9780756643096
020 ## - INTERNATIONAL STANDARD BOOK NUMBER
International Standard Book Number 0756643090
040 ## - CATALOGING SOURCE
Original cataloging agency IEB
Transcribing agency IEB
Modifying agency DLC
-- IK2
-- IEB
-- WIM
-- EYP
-- ORX
-- VP@
-- QBX
-- BTCTA
-- BAKER
-- DLC
042 ## - AUTHENTICATION CODE
Authentication code lccopycat
050 00 - LIBRARY OF CONGRESS CALL NUMBER
Classification number BL312
Item number .W555 2009
082 04 - DEWEY DECIMAL CLASSIFICATION NUMBER
Classification number 398.2
Edition information 22
092 ## - LOCALLY ASSIGNED DEWEY CALL NUMBER (OCLC)
Classification number 398.2 W555 2009
001 - CONTROL NUMBER
control field data
100 1# - MAIN ENTRY--PERSONAL NAME
Personal name Wilkinson, Philip,
Dates associated with a name 1955-
245 10 - TITLE STATEMENT
Title Myths & legends /
Statement of responsibility, etc. Philip Wilkinson.
246 3# - VARYING FORM OF TITLE
Title proper/short title Myths and legends
260 ## - PUBLICATION, DISTRIBUTION, ETC.
Place of publication, distribution, etc. New York :
Name of publisher, distributor, etc. DK Pub.,
Date of publication, distribution, etc. c2009.
300 ## - PHYSICAL DESCRIPTION
Extent 352 p. :
Other physical details ill. (chiefly col.) ;
Dimensions 25 cm.
500 ## - GENERAL NOTE
General note Includes index.
520 ## - SUMMARY, ETC.
Summary, etc. Presents a guide to myths and ancient legends from the cultures of Europe, Asia, Africa, the Americas, and Oceania, including creation tales and stories of heroes, gods, mythical beings, and magical animals.
650 #0 - SUBJECT ADDED ENTRY--TOPICAL TERM
Topical term or geographic name entry element Mythology.
650 #0 - SUBJECT ADDED ENTRY--TOPICAL TERM
Topical term or geographic name entry element Legends.
650 #0 - SUBJECT ADDED ENTRY--TOPICAL TERM
Topical term or geographic name entry element Legends
Form subdivision Pictorial works.
650 #0 - SUBJECT ADDED ENTRY--TOPICAL TERM
Topical term or geographic name entry element Mythology
Form subdivision Pictorial works.
650 #7 - SUBJECT ADDED ENTRY--TOPICAL TERM
Topical term or geographic name entry element Mythology.
Source of heading or term sears
650 #7 - SUBJECT ADDED ENTRY--TOPICAL TERM
Topical term or geographic name entry element Legends.
Source of heading or term sears
906 ## - LOCAL DATA ELEMENT F, LDF (RLIN)
a 7
b cbc
c copycat
d 2
e ncip
f 20
g y-gencatlg
925 0# -
-- acquire
-- 2 shelf copies
-- policy default
-- **SEND COPY 3 to S.MACIOROSKI for YOUNG READER'S CENTER
955 ## - COPY-LEVEL INFORMATION (RLIN)
-- rh18 2010-09-08 copy 2 added
Holdings
Withdrawn status Lost status Damaged status Not for loan Home library Current library Shelving location Date acquired Total checkouts Full call number Barcode Date last seen Price effective from Koha item type
        Franklin Franklin General stacks 22/03/2026   398.2 22 BC0011047 22/03/2026 22/03/2026 Books